|
|
|
|
| LEADER |
00000nab a2200000 a 4500 |
| 001 |
vtls008156415 |
| 003 |
SK-MaSNL |
| 005 |
20260319070544.0 |
| 008 |
160405c20050506xo |||||| | 000 b|hun |
| 015 |
|
|
|a SNBRB2005/05
|2 snkbucl
|
| 038 |
|
|
|a SNKBUCL
|
| 040 |
|
|
|a DSZK
|b slo
|c DSZK
|e AACR2
|
| 041 |
0 |
|
|a hun
|
| 044 |
|
|
|a xo
|c SK
|
| 080 |
|
|
|a 371.38:81`35:06.063
|2 1997
|
| 080 |
|
|
|a 811.511.141`35:06.063
|2 1997
|
| 080 |
|
|
|a 81`35:811.511.141:06.063
|2 1997
|
| 100 |
1 |
|
|a Száz, Ildikó,
|d 1970-
|4 aut
|9 103403
|
| 245 |
1 |
0 |
|a Igényes megmérettetés
|b komáromi és párkányi győzelem a Simonyi Zsigmond Helyesírási Versenyen
|c Száz Ildikó
|
| 300 |
|
|
|b Fotogr.
|
| 611 |
2 |
7 |
|a Pravopisná súťaž Zsigmonda Simonyiho
|n (7. :
|d 2005 :
|c Nové Zámky, Slovensko)
|2 snkbucl
|9 1078593
|
| 650 |
0 |
7 |
|a maďarčina
|x pravopisné súťaže
|2 snkbucl
|9 1052724
|
| 650 |
0 |
7 |
|a žiacke súťaže
|2 snkbucl
|9 1032048
|
| 650 |
0 |
7 |
|a pravopisné súťaže
|2 snkbucl
|9 1052725
|
| 651 |
|
7 |
|a Nové Zámky (Slovensko)
|2 snkbucl
|9 15884
|
| 773 |
0 |
|
|t Új szó
|g Évf. 58, sz. 104 (6.5.2005), o. 5
|
| 852 |
|
|
|a SNK
|b KIS3GCP
|
| 852 |
|
|
|a DSZK
|b KIS3GCP
|
| 958 |
|
|
|a HU
|
| 958 |
|
|
|a SK
|
| 999 |
|
|
|c 1773340
|d 1775270
|